Talleres infantiles de creación literaria (Record no. 7958)

MARC details
000 -LEADER
campo de control de longitud fija 01111nmc a2200373 a 4500
003 - IDENTIFICADOR DE NÚMERO DE CONTROL
campo de control AR-BaBNM
005 - FECHA Y HORA DE LA ÚLTIMA TRANSACCIÓN
campo de control 20251128204552.0
008 - DATOS DE LONGITUD FIJA--INFORMACIÓN GENERAL
campo de control de longitud fija 011101s1994 ||||||||||||||000 | spa||
020 ## - NÚMERO INTERNACIONAL ESTÁNDAR DEL LIBRO
Número Internacional Estándar del Libro 958-671-059-9
040 ## - FUENTE DE CATALOGACIÓN
Centro/agencia transcriptor AR-BaBNM
100 1# - ENTRADA PRINCIPAL--NOMBRE DE PERSONA
Nombre de persona Weinschelbaum, Lila L.
245 10 - MENCIÓN DEL TÍTULO
Título Talleres infantiles de creación literaria
250 ## - MENCION DE EDICION
Mención de edición 1ª ed.
260 ## - PUBLICACIÓN, DISTRIBUCIÓN, ETC.
Lugar de publicación, distribución, etc. Santafé de Bogotá
Nombre del editor, distribuidor, etc. Aique
Fecha de publicación, distribución, etc. 1994
300 0# - DESCRIPCIÓN FÍSICA
Extensión 190 p.
Otros detalles físicos il.
490 #0 - MENCIÓN DE SERIE
Mención de serie Coedición latinoamericana de libros para la promoción de la lectura
Designación de volumen o secuencia v. 8
504 ## - NOTA DE BIBLIOGRAFÍA, ETC.
Nota de bibliografía, etc. Nota Bibliografía en p. 189-190
650 #4 - PUNTO DE ACCESO ADICIONAL DE MATERIA--TÉRMINO DE MATERIA
Término de materia o nombre geográfico como elemento de entrada TALLERES ESCOLARES
650 #4 - PUNTO DE ACCESO ADICIONAL DE MATERIA--TÉRMINO DE MATERIA
Término de materia o nombre geográfico como elemento de entrada ACTIVIDADES EN GRUPO
650 #4 - PUNTO DE ACCESO ADICIONAL DE MATERIA--TÉRMINO DE MATERIA
Término de materia o nombre geográfico como elemento de entrada TECNICAS DIDACTICAS
650 #4 - PUNTO DE ACCESO ADICIONAL DE MATERIA--TÉRMINO DE MATERIA
Término de materia o nombre geográfico como elemento de entrada PROCESO DE APRENDIZAJE
650 #4 - PUNTO DE ACCESO ADICIONAL DE MATERIA--TÉRMINO DE MATERIA
Término de materia o nombre geográfico como elemento de entrada ORIENTACION PARA LA LECTURA
650 #4 - PUNTO DE ACCESO ADICIONAL DE MATERIA--TÉRMINO DE MATERIA
Término de materia o nombre geográfico como elemento de entrada PROMOCION DE LA LECTURA
650 #4 - PUNTO DE ACCESO ADICIONAL DE MATERIA--TÉRMINO DE MATERIA
Término de materia o nombre geográfico como elemento de entrada ENSEÑANZA EN GRUPO
650 #4 - PUNTO DE ACCESO ADICIONAL DE MATERIA--TÉRMINO DE MATERIA
Término de materia o nombre geográfico como elemento de entrada ENSENANZA DE LA LECTURA
650 #4 - PUNTO DE ACCESO ADICIONAL DE MATERIA--TÉRMINO DE MATERIA
Término de materia o nombre geográfico como elemento de entrada ENSENANZA DE LA ESCRITURA
650 #4 - PUNTO DE ACCESO ADICIONAL DE MATERIA--TÉRMINO DE MATERIA
Término de materia o nombre geográfico como elemento de entrada LIBROS PARA NINOS
650 #4 - PUNTO DE ACCESO ADICIONAL DE MATERIA--TÉRMINO DE MATERIA
Término de materia o nombre geográfico como elemento de entrada LITERATURA INFANTIL
650 #4 - PUNTO DE ACCESO ADICIONAL DE MATERIA--TÉRMINO DE MATERIA
Término de materia o nombre geográfico como elemento de entrada MOTIVACION DEL ALUMNO
650 #4 - PUNTO DE ACCESO ADICIONAL DE MATERIA--TÉRMINO DE MATERIA
Término de materia o nombre geográfico como elemento de entrada TEATRO ESCOLAR
653 ## - TÉRMINO DE INDIZACIÓN--NO CONTROLADO
Término no controlado EDUCACION PRIMARIA
942 ## - ELEMENTOS DE ENTRADA SECUNDARIOS (KOHA)
Tipo de ítem Koha Libros
998 ## - INFORMACIÓN DE CONTROL LOCAL (RLIN)
Iniciales del catalogador, CIN (RLIN) Carmen
Holdings
Estatus retirado Estado de pérdida Fuente de la clasificación o esquema de estantería Estado de daño No para préstamo Biblioteca de origen Biblioteca actual Fecha de adquisición Total de préstamos Signatura topográfica completa Código de barras Visto por última vez Precio de reemplazo Tipo de ítem Koha Restricciones de uso Ubicación en estantería
    Clasificación Decimal Dewey     Liberty Liberty 28/11/2025   372.41 C-CL 8 097412 28/11/2025 28/11/2025 Libros    
    Clasificación Decimal Dewey     Liberty Liberty 28/11/2025   372.41 C-CL 8 103451 28/11/2025 28/11/2025 Libros    
    Clasificación Decimal Dewey     Liberty Liberty 28/11/2025   372.41 C-CL 8 103452 28/11/2025 28/11/2025 Libros    
    Clasificación Decimal Dewey     Liberty Liberty 28/11/2025   372.41 C-CL 8 115689 28/11/2025 28/11/2025 Libros    
    Clasificación Decimal Dewey   No para préstamo Liberty Liberty 28/11/2025   372.41 C-CL 8 104808 28/11/2025 28/11/2025 Libros Acceso restringido